MODERN INDIA 1885-1947 (Record no. 19768)

MARC details
000 -LEADER
fixed length control field 00290nam a22001337a 4500
003 - CONTROL NUMBER IDENTIFIER
control field SGT
020 ## - INTERNATIONAL STANDARD BOOK NUMBER
International Standard Book Number 9780333904251
082 ## - DEWEY DECIMAL CLASSIFICATION NUMBER
Classification number 954.03
Item number SAR
100 ## - MAIN ENTRY--PERSONAL NAME
Personal name SARKAR , SUMIT
245 ## - TITLE STATEMENT
Title MODERN INDIA 1885-1947
260 ## - PUBLICATION, DISTRIBUTION, ETC. (IMPRINT)
Place of publication, distribution, etc GURGAON
Name of publisher, distributor, etc MACMILLAN
Year of Publication 2013
300 ## - PAGE DESCRIPTION
No. of Pages XIV , 486
942 ## - ADDED ENTRY ELEMENTS (KOHA)
Source of classification or shelving scheme Dewey Decimal Classification
Koha item type Books
Holdings
Withdrawn status Lost status Source of classification or shelving scheme Damaged status Not for loan Collection code Home library Current library Shelving location Date acquired Vendor Name Cost, normal purchase price SGTU Bill Number Full call number Accession No. (Barcode) Date last seen Bill Date Koha item type Total Checkouts
    Dewey Decimal Classification   Not For Loan LAW SGT Science & Social Sciences Library SGT Science & Social Sciences Library Reference Book 13/02/2020 COMMERCIAL BOOK HOUSE 450.00 SGTU 2559 954.03 SAR FL2381 13/02/2020 13/02/2020 Books  
    Dewey Decimal Classification     LAW SGT Science & Social Sciences Library SGT Science & Social Sciences Library Text Book 13/02/2020 COMMERCIAL BOOK HOUSE 450.00 SGTU 2559 954.03 SAR FL2382 13/02/2020 13/02/2020 Books  
    Dewey Decimal Classification     LAW SGT Science & Social Sciences Library SGT Science & Social Sciences Library Text Book 13/02/2020 COMMERCIAL BOOK HOUSE 450.00 SGTU 2559 954.03 SAR FL2383 13/02/2020 13/02/2020 Books  
    Dewey Decimal Classification     LAW SGT Science & Social Sciences Library SGT Science & Social Sciences Library Text Book 13/02/2020 COMMERCIAL BOOK HOUSE 450.00 SGTU 2559 954.03 SAR FL2384 13/02/2020 13/02/2020 Books  
    Dewey Decimal Classification     LAW SGT Science & Social Sciences Library SGT Science & Social Sciences Library Text Book 13/02/2020 COMMERCIAL BOOK HOUSE 450.00 SGTU 2559 954.03 SAR FL2385 13/02/2020 13/02/2020 Books